000 00433nam a2200145 a 4500
001 000035793
005 20200930074621.0
008 111114s1914 fr 000 0 spa d
040 _aDO-SdBNP
_bspa
_cBNPHU
100 1 _aNattier, J. M.
_961743
245 1 0 _aJ. M. Nattier :
_bles peintres illustres 1685-1766 /
_cJ. M. Nattier.
260 _aParis :
_bPierre Lafitte et C editeurs,
_c1914.
300 _a80 p. ;
_c20 cm.
049 _aBNPD
999 _c35284
_d35284